Italia campione del mondo di calcio 1982 - Statistics

Statistiche generali
  • Questo quiz è stato fatto 501 volte
  • Il punteggio medio è 11 su 22
Statistiche sulle risposte
Ruolo Numero Giocatore % Corretto
P 1 Dino Zoff
98%
A 20 Paolo Rossi
96%
C 14 Marco Tardelli
79%
D 4 Antonio Cabrini
73%
D 7 Gaetano Scirea
73%
D 3 Giuseppe Bergomi
73%
C 16 Bruno Conti
67%
A 19 Francesco Graziani
63%
A 18 Alessandro Altobelli
61%
D 6 Claudio Gentile
60%
D 2 Franco Baresi
51%
D 5 Fulvio Collovati
49%
C 9 Giancarlo Antognoni
49%
C 13 Gabriele Oriali
46%
C 15 Franco Causio
40%
P 12 Ivano Bordon
30%
P 22 Giovanni Galli
26%
A 21 Franco Selvaggi
21%
C 11 Giampiero Marini
21%
D 8 Pietro Vierchowod
16%
C 10 Giuseppe Dossena
14%
A 17 Daniele Massaro
12%
Nessun quiz corrispondente trovato
Distribuzione punteggi
Percentuale di utenti per punteggio
Percentile per numero di risposta
I tuoi punteggi nel tempo
Non hai fatto questo quiz